| 000 | 00447aam a2200169 4500 | ||
|---|---|---|---|
| 005 | 20161118135218.0 | ||
| 008 | 150410b xxu||||| |||| 00| 0 spa d | ||
| 041 | _aspa | ||
| 082 | _a004.67 H772i | ||
| 100 |
_aHoneycutt, Jerry _910428 |
||
| 245 | _aInternet para windows 95: paso a paso | ||
| 260 |
_aMéxico _bPrentice-Hall _c1996 |
||
| 300 | _a352 páginas | ||
| 650 |
_aREDES DE COMPUTADORES _96512 |
||
| 650 |
_aINTERNET _932879 |
||
| 942 | _cBK | ||
| 999 |
_c4498 _d4498 |
||